00533 a2200181 4500001000700000020001800007040003500025100003200060240003800092245003300130300000700163362000900170440001200179697002400191942000700215952011000222999001900332156793 a9788508001026 cEscola São Tomás de Aquino aALMEIDA, Lúcia Machado de10aO caso da borboleta atírialpor10aO caso da borboleta atíria a950 a1999 1aÁtica a*LITERATURA JUVENIL cBK 00104070a12.22b12.22d2024-04-30l0o028.54 ALM CASpEST00011191r2024-04-30 22:14:08w2024-04-30yBK c156793d156793